| 000 | 00669nam a22002057a 4500 | ||
|---|---|---|---|
| 003 | OSt | ||
| 005 | 20251027033835.0 | ||
| 008 | 251027b |||||||| |||| 00| 0 eng d | ||
| 020 | _a13: 978-0-13-178972-2. | ||
| 040 |
_aDWCL-Main lib _cOC |
||
| 082 | _aCirc. 615.1 P536 2008 | ||
| 110 | _aHogan, Mary Ann Et. Al. | ||
| 245 | _aPharmacology 2nd ed. | ||
| 260 |
_aN. J. : _bPearson Education, Inc., _cc2008. |
||
| 300 |
_axii, 669 pages ; _c25 cm. |
||
| 504 | _aIncludes bibliographical references and index. | ||
| 650 | _21. Nursing-Examinations, questions, etc. | ||
| 650 | _22. Pharmacology-Examinations, questions, etc. | ||
| 942 |
_2ddc _cBK-CIRC _e2nd ed. _kCirc. _n0 |
||
| 999 |
_c5148 _d5148 |
||